| 000 -LEADER |
| fixed length control field |
nam a22 7a 4500 |
| 005 - DATE AND TIME OF LATEST TRANSACTION |
| control field |
20190520072454.0 |
| 008 - FIXED-LENGTH DATA ELEMENTS--GENERAL INFORMATION |
| fixed length control field |
190520b xxu||||| |||| 00| 0 eng d |
| 020 ## - IDENTIFIER FOR THE MANIFESTATION |
| Identifier for the Manifestation |
9780764115523 |
| Binding |
paperback |
| 040 ## - CATALOGING SOURCE |
| Language of Cataloging |
eng |
| Transcribing Agency |
APEC Schools Library |
| Description Conventions |
rda |
| 082 ## - DEWEY DECIMAL CLASSIFICATION NUMBER |
| Classification number |
C 510.76 |
| Author's Number |
L52b 2006 |
| 100 ## - CREATOR |
| Preferred Name of the Person |
Leff, Lawrence S. |
| 245 ## - TITLE AND STATEMENT OF RESPONSIBILITY |
| Preferred Title Proper |
Barron's regents exams and answers : math A / |
| Statement of Responsibility/Parallel Statement of Responsibility |
Lawrence S. Leff |
| 264 ## - PUBLICATION STATEMENT |
| Place of publication, distribution, etc |
New York : |
| Publisher's Name/Parallel Publisher's Name |
Barron's Educational Series, Inc., |
| Copyright |
©2006. |
| 300 ## - PHYSICAL DESCRIPTION |
| Extent |
ix, 502 pages ; |
| Dimensions |
17cm |
| 336 ## - RDA CONTENT |
| Source |
rdacontent |
| Content Type |
text |
| 337 ## - RDA MEDIA |
| Source |
rdamedia |
| Media Type |
unmediated |
| 338 ## - RDA CARRIER |
| Source |
rdacarrier |
| Carrier Type |
volume |
| 650 ## - ADDED SUBJECT ACCESS POINT - TOPICAL TERM |
| Topical Term |
Mathematics--Study and teaching (Secondary). |
| 942 ## - ADDED ENTRY ELEMENTS (KOHA) |
| Source of Classification |
|
| Koha Item Type |
Non Fiction |